Les villes les plus peuplées au monde commençant par B - Statistiques

Statistiques générales
  • Ce quiz a été pris 123 fois
    101 depuis la dernière actualisation
  • Le résultat moyen est 8 sur 10
Statistiques - réponses
Pays Population Villes % Correct
Thaïlande 19 400 000 Bangkok
99%
Argentine 16 600 000 Buenos Aires
98%
Espagne 4 875 000 Barcelone
97%
Colombie 9 800 000 Bogota
96%
Brésil 4 900 000 Brasilia
93%
Irak 7 150 000 Bagdad
92%
Etats-Unis 7 700 000 Boston
84%
Inde 12 700 000 Bangalore
55%
Brésil 5 050 000 Belo Horizonte
55%
Indonesie 7 050 000 Bandung
33%
Aucun quiz correspondant
Distribution des résultats
% des personnes avec chaque résultat
Percentile par nombre de réponses
Votre historique - résultats
Vous n’avez pas pris ce quiz depuis la dernière actualisation